000
00253nam a2200097Ia 4500
001
688436
005
20250826161615.0
008
250824s9999 xx 000 0 und d
245
0
_a
İSTANBULU ÇALIYORLAR
_c
GÜLSEVİN KIRAL
260
_b
GÜNIŞIĞI YAYINLARI
999
_c
688436
_d
688436